Keep on loving you #4 / Christie Ridgway.
Available copies
- 1 of 1 copy available at LARL/NWRL Consortium.
Current holds
0 current holds with 1 total copy.
Show Only Available Copies
| Location | Call Number / Copy Notes | Barcode | Shelving Location | Status | Due Date |
|---|---|---|---|---|---|
| Greenbush Public Library | pb RID (Text) | 35500006043192 | Main | Available | - |
Record details
- ISBN: 9780373789115 (paperback)
- ISBN: 0373789114 (paperback)
- Physical Description: 412 pages ; 17 cm.
- Publisher: Don Mills, Ontario, Canada : Harlequin HQN, [2016]
Content descriptions
| Summary, etc.: | "Mackenzie Walker has everything a single girl ... Read More |
Search for related items by subject
| Subject: | Man-woman relationships > Fiction. Mountain life > Fiction. California > Fiction. Man-woman relationships. Mountain life California. |
| Genre: | Romance fiction. Fiction. Romance fiction. |
Search for related items by series
| LDR | 02200cam a2200421Ii 4500 | ||
|---|---|---|---|
| 001 | 203007 | ||
| 003 | LARL_NWRL_CONSORTIUM | ||
| 005 | 20160321203937.0 | ||
| 008 | 160120s2016 onc 000 f eng d | ||
| 020 | . | ‡a9780373789115 (paperback) | |
| 020 | . | ‡a0373789114 (paperback) | |
| 035 | . | ‡a(OCoLC)935348569 | |
| 043 | . | ‡an-us-ca | |
| 082 | 0 | 4. | ‡a813.54 ‡223 |
| 100 | 1 | . | ‡aRidgway, Christie, ‡eauthor. ‡0(LARL_NWRL_CONSORTIUM)142842 |
| 245 | 1 | 0. | ‡aKeep on loving you ‡n#4 / ‡cChristie Ridgway. |
| 264 | 1. | ‡aDon Mills, Ontario, Canada : ‡bHarlequin HQN, ‡c[2016] | |
| 300 | . | ‡a412 pages ; ‡c17 cm. | |
| 336 | . | ‡atext ‡btxt ‡2rdacontent | |
| 337 | . | ‡aunmediated ‡bn ‡2rdamedia | |
| 338 | . | ‡avolume ‡bnc ‡2rdacarrier | |
| 490 | 0 | . | ‡aCabin fever ; ‡v4 |
| 520 | . | ‡a"Mackenzie Walker has everything a single girl needs in her California mountain hometown. Family, friends, a thriving business...and memories of Zan Elliott, whose touch--and betrayal--she's never forgotten. Now, ten years after he left town, Zan returns to manage his late grandfather's estate...and flip Mac's life upside down. Documentary filmmaking has taken Zan all over the globe, yet nowhere was far enough away to make him forget Mac. Seeing her reignites their incredible chemistry. Mac's trust won't be easily won, especially when Zan's inheritance jeopardizes her family's hard-earned dreams. But every moment together is challenging Zan to stop living life through a lens and dare to let his guard down for a chance at forever" -- ‡cprovided by publisher. | |
| 650 | 0. | ‡aMan-woman relationships ‡vFiction. ‡0(LARL_NWRL_CONSORTIUM)165985 | |
| 650 | 0. | ‡aMountain life ‡vFiction. ‡0(LARL_NWRL_CONSORTIUM)166028 | |
| 651 | 0. | ‡aCalifornia ‡vFiction. ‡0(LARL_NWRL_CONSORTIUM)164052 | |
| 650 | 7. | ‡aMan-woman relationships. ‡2fast ‡0(LARL_NWRL_CONSORTIUM)38460 | |
| 650 | 7. | ‡2fast ‡aMountain life ‡0(LARL_NWRL_CONSORTIUM)26176 | |
| 651 | 7. | ‡aCalifornia. ‡2fast ‡0(LARL_NWRL_CONSORTIUM)56370 | |
| 655 | 7. | ‡aRomance fiction. ‡2lcgft | |
| 655 | 7. | ‡aFiction. ‡2fast | |
| 655 | 7. | ‡aRomance fiction. ‡2fast | |
| 905 | . | ‡uvanderl | |
| 901 | . | ‡a203007 ‡b ‡c203007 ‡tbiblio ‡soclc | |

Add to basket
Permalink
Disable Highlighting